Die kerkseun (Record no. 796931)
[ view plain ]
| 000 -LEADER | |
|---|---|
| fixed length control field | 00665nam a22002057b 4500 |
| 003 - CONTROL NUMBER IDENTIFIER | |
| control field | 3228 |
| 005 - DATE AND TIME OF LATEST TRANSACTION | |
| control field | 20260421090303.0 |
| 008 - FIXED-LENGTH DATA ELEMENTS--GENERAL INFORMATION | |
| fixed length control field | 260421b sa ||||e |||| 00| 1 AFR d |
| 020 ## - INTERNATIONAL STANDARD BOOK NUMBER | |
| International Standard Book Number | 9781776358311 (softback) |
| 020 ## - INTERNATIONAL STANDARD BOOK NUMBER | |
| International Standard Book Number | 9781776358328 (ePub)33228031165455 |
| 040 ## - CATALOGING SOURCE | |
| Original cataloging agency | MPL |
| Language of cataloging | eng |
| Transcribing agency | 3228 |
| Description conventions | Resource Description and Access |
| 041 ## - LANGUAGE CODE | |
| Language code of text/sound track or separate title | Afrikaans |
| 082 #0 - DEWEY DECIMAL CLASSIFICATION NUMBER | |
| Classification number | AF JANS |
| 100 ## - MAIN ENTRY--PERSONAL NAME | |
| 9 (RLIN) | 199195 |
| Personal name | Janse van Rensburg, W.A |
| Relator term | author |
| 245 ## - TITLE STATEMENT | |
| Title | Die kerkseun |
| Statement of responsibility, etc. | Author: W.A Janse van Rensburg ; + Text editor: Louis Esterhuizen ; + Cover design: Ian Dennewill |
| 250 ## - EDITION STATEMENT | |
| Edition statement | First edition |
| 260 ## - PUBLICATION, DISTRIBUTION, ETC. | |
| Place of publication, distribution, etc. | Midrand/Kaapstad |
| Name of publisher, distributor, etc. | LAPA Uitgewers |
| Date of publication, distribution, etc. | © 2023 |
| 300 ## - PHYSICAL DESCRIPTION | |
| Extent | 233 pages : |
| Dimensions | 21 cm |
| 942 ## - ADDED ENTRY ELEMENTS | |
| Source of classification or shelving scheme | Dewey Decimal Classification |
| item type | Books |
| -- | 245 |
| -- | Izakina Blanche |
| -- | 245 |
| -- | Izakina Blanche |
| Withdrawn status | Lost status | Source of classification or shelving scheme | Damaged status | Not for loan | Collection code | Home library | Current library | Shelving location | Date acquired | Total Checkouts | Full call number | Barcode | Date last seen | Price effective from | item type | Public note |
|---|---|---|---|---|---|---|---|---|---|---|---|---|---|---|---|---|
| Dewey Decimal Classification | Fiction | Middelburg Regional Library | Jeremiah Madonsela Public Library | Fiction | 21.04.2026 | AF JANS | 33228031165455 | 21.04.2026 | 21.04.2026 | Books | 796931 |